Engineering manufacturing processes in machine and assembly shops (Record no. 16380)

000 -LEADER
fixed length control field 00651nam a22002051 4500
001 - CONTROL NUMBER
control field 16380
003 - CONTROL NUMBER IDENTIFIER
control field BD-DhUET
008 - FIXED-LENGTH DATA ELEMENTS--GENERAL INFORMATION
fixed length control field 700716s1967 ru a 000 0 eng
040 ## - CATALOGING SOURCE
Original cataloging agency DLC
Transcribing agency DLC
Modifying agency BD-DhUET
082 00 - DEWEY DECIMAL CLASSIFICATION NUMBER
Classification number 621.9
Item number MAS/1967
100 ## - MAIN ENTRY--PERSONAL NAME
Personal name Maslov, D.
245 10 - TITLE STATEMENT
Title Engineering manufacturing processes in machine and assembly shops
Statement of responsibility, etc. by D. Maslov, V. Danilevsky, and V. Sasov. Translated from the Russian by Nicholas Weinstein.
250 ## - EDITION STATEMENT
Edition statement 1st ed.
260 ## - PUBLICATION, DISTRIBUTION, ETC. (IMPRINT)
Place of publication, distribution, etc. Moscow
Name of publisher, distributor, etc. MIR Publishers
Date of publication, distribution, etc. 1967
300 ## - PHYSICAL DESCRIPTION
Extent 420 p.
Other physical details illus.
Dimensions 23 cm.
650 #0 - SUBJECT ADDED ENTRY--TOPICAL TERM
Topical term or geographic name as entry element Transmission electrical power
700 ## - ADDED ENTRY--PERSONAL NAME
Personal name Danilevsky, V.
700 ## - ADDED ENTRY--PERSONAL NAME
Personal name Sasov, V.
942 ## - ADDED ENTRY ELEMENTS (KOHA)
Koha item type General Book
Holdings
Copy number Sublocation or collection (holding branch) Location (home branch) Koha full call number Not for loan Source of classification or shelving scheme Koha date last seen Piece designation (barcode) Lost status Date acquired Koha item type Price effective from Shelving location Withdrawn status Koha normalized classification for sorting Damaged status
1Central Library, BUETCentral Library, BUET621.9/MAS/1967  2015-03-1913960 2015-03-19General Book2015-03-19Circulation section 621_900000000000000_MAS_1967 
2Central Library, BUETCentral Library, BUET621.9/MAS/1967  2015-03-1921611 2015-03-19General Book2015-03-19Circulation section 621_900000000000000_MAS_1967 
3Central Library, BUETCentral Library, BUET621.9/MAS/1967  2015-03-1913328 2015-03-19General Book2015-03-19Circulation section 621_900000000000000_MAS_1967 
4Central Library, BUETCentral Library, BUET621.9/MAS/1967  2015-03-1937200 2015-03-19General Book2015-03-19Circulation section 621_900000000000000_MAS_1967 
5Central Library, BUETCentral Library, BUET621.9/MAS/1967  2016-10-0413961 2015-03-19General Book2015-03-19Circulation section 621_900000000000000_MAS_1967 
6Central Library, BUETCentral Library, BUET621.9/MAS/1967  2015-03-1913329 2015-03-19General Book2015-03-19Circulation section 621_900000000000000_MAS_1967